000 00372 a2200133 4500
005 20250317142250.0
020 _a0-7507-0934-0
082 _a371.9 INC
245 _aInclusive Education: International Voices on Disability and Justice
260 _aOxon,
_bRoutledgeFalmer,
_c1999.
300 _aix, 189p.
_bIndex, references
_c23cm.
700 _aBALLARD, K.
942 _2ddc
_cBKS
999 _c812
_d812